01203 a2200181 45000010006000000050017000060080041000230030015000640400040000790800022001192450025001412640080001663000019002465050708002650410008009731000018009817000022009992899920260407155559.0260407a1948 arg spa dAR-UNSa-BCEJYS aAR-UNSa-BCEJYSbspacAR-UNSa-BCEJYS a657xContabilidad10aEstados consolidados 1aMéxico :bUnión Tipográfica Editorial Hispano-Americana (UTEHA)c1948 a496 p.c25 cm. a1. Estados de grupo - 2. Subsidiarias totalmente controladas - 3. Mayoría en subsidiarias controladas - 4. Contabilidad de la compañía matriz - 5. Ganancias no realizadas entre compañías - 6. Control indirecto - 7. Bonos entre compañía. Acciones preferentes - 8. Cambios en estructura de capital en acciones de la subsidiaria - 9. Controles recíproco y circular - 10. Análisis de las plusvalía o crédito mercantil y de superávit de consolidación - 11. Consolidación sin hojas de trabajo completas y otros asuntos - 12. Subsidiarias en el extranjero - 13. Registros de consolidación formales - 14. Análisis de los estados consolidados - 15. Problemas y preguntas de repaso aspa1 aCivera, Marin1 aLewis, Edwin J.B.